000 00250nam a2200097Ia 4500
001 682755
005 20250826161425.0
008 250824s9999 xx 000 0 und d
245 0 _aBUGÜNÜN SARAYLISI
_cREFİK HALİD KARAY
260 _bİNKILAP YAYINLARI
999 _c682755
_d682755